Temas de derecho mercantil / (Record no. 177609)

MARC details
000 -LEADER
campo de control de longitud fija 00728nam a22002175i 4500
001 - NÚMERO DE CONTROL
campo de control 177609
003 - IDENTIFICADOR DE NÚMERO DE CONTROL
campo de control ES-MaACL
005 - FECHA Y HORA DE LA ÚLTIMA TRANSACCIÓN
campo de control 20250809031528.0
008 - DATOS DE LONGITUD FIJA--INFORMACIÓN GENERAL
campo de control de longitud fija 110406s1971 sp |||| | spa d
080 ## - NÚMERO DE LA CLASIFICACIÓN DECIMAL UNIVERSAL
Número de la Clasificación Decimal Universal 347.7(035)
100 1# - ENTRADA PRINCIPAL--NOMBRE DE PERSONA
Nombre de persona Izquierdo Montoro, Elías.
9 (RLIN) 146012
245 10 - MENCIÓN DEL TÍTULO
Título Temas de derecho mercantil /
Mención de responsabilidad, etc. por Elías Izquierdo Montoro.
260 ## - PUBLICACIÓN, DISTRIBUCIÓN, ETC.
Lugar de publicación, distribución, etc. Madrid :
Nombre del editor, distribuidor, etc. Montecorvo,
Fecha de publicación, distribución, etc. 1971.
300 ## - DESCRIPCIÓN FÍSICA
Extensión 1063 p. ;
Dimensiones 25 cm.
490 1# - MENCIÓN DE SERIE
Mención de serie Monografías. Colección de estudios jurídicos ;
Designación de volumen o secuencia 30
504 ## - NOTA DE BIBLIOGRAFÍA, ETC.
Nota de bibliografía, etc. Bibliografía.
650 #7 - PUNTO DE ACCESO ADICIONAL DE MATERIA--TÉRMINO DE MATERIA
Término de materia o nombre geográfico como elemento de entrada Derecho mercantil
Fuente del encabezamiento o término embne
9 (RLIN) 135891
830 0# - PUNTO DE ACCESO ADICIONAL DE SERIE-TÍTULO UNIFORME
Título uniforme Monografías. Colección de estudios jurídicos ;
Designación de volumen o secuencia 30
9 (RLIN) 190484
852 ## - LOCALIZACIÓN
Ubicación ES-MaACL
Número de control de estantería E-14813
Encuadernación Olim P-860-bis
Holdings
Estatus retirado Estado de pérdida Estado de daño No para préstamo Biblioteca de origen Biblioteca actual Ubicación en estantería Fecha de adquisición Fuente de adquisición Total de préstamos Signatura topográfica completa Código de barras Visto por última vez Precio de reemplazo Tipo de ítem Koha
        Biblioteca del Ateneo de Madrid Biblioteca del Ateneo de Madrid Depósito 2 06/04/2011     E-14813 1186557 23/02/2023 23/02/2023 Libro impreso